[Event "SLO-chT2 West"]
[Site "Postojna"]
[Date "2009.10.25"]
[Round "4.2"]
[White "Hlad, Jadran"]
[Black "Jukan, Nesib"]
[Result "1/2-1/2"]
[WhiteElo "2118"]
[BlackElo "1943"]
[PlyCount "46"]
[EventDate "2009.10.23"]
[EventType "team-tourn"]
[EventRounds "9"]
[EventCountry "SLO"]
[SourceTitle "EXT 2010"]
[Source "ChessBase"]
[SourceDate "2010.11.25"]
[SourceVersion "1"]
[SourceVersionDate "2010.11.25"]
[SourceQuality "1"]
[WhiteTeam "Postojna"]
[BlackTeam "Trzin"]
[WhiteTeamCountry "SLO"]
[BlackTeamCountry "SLO"]

1. Nf3 Nf6 2. c4 c6 3. d4 d5 4. e3 Bf5 5. Nc3 e6 6. Bd3 Bxd3 7. Qxd3 Nbd7 8. 0-0 Bd6 9. e4 dxe4 10. Nxe4 Be7 11. Ng3 0-0 12. Bf4 Re8 13. Rfd1 Nf8 14. Ne5 Ng6 15. Nxg6 hxg6 16. Qb3 Qb6 17. Qxb6 axb6 18. a3 Ra4 19. Rac1 Nh5 20. Nxh5 gxh5 21. Bc7 Bd8 22. Bd6 Be7 23. Bc7 Bd8 1/2-1/2